| 000 | 01031nac a22003011i 4500 | ||
|---|---|---|---|
| 003 | EG-ScBUE | ||
| 005 | 20250422113254.0 | ||
| 008 | 250409t1990 nyua f 001 0 eng d | ||
| 020 | _a0716720582 | ||
| 040 |
_aEG-ScBUE _beng _erda _cEG-ScBUE _dEG-ScBUE |
||
| 082 | 0 | 4 |
_a530.13 _bHEC _222 |
| 100 | 1 |
_aHecht, Charles E., _eauthor. |
|
| 245 | 1 | 0 |
_aStatistical thermodynamics and kinetic theory / _cCharles E. Hecht, Hunter College, City University of New York. |
| 264 | 1 |
_aNew York : _bW. H. Freeman and Company, _c[1990] |
|
| 264 | 4 | _cc1990 | |
| 300 |
_axii, 484 pages : _billustrations ; _c25 cm |
||
| 336 |
_2rdacontent _atext _btxt |
||
| 337 |
_aunmediated _2rdamedia _bn |
||
| 338 |
_avolume _bnc _2rdacarrier |
||
| 500 | _aIncludes appendix. | ||
| 500 | _aIncludes index. | ||
| 650 | 7 |
_aStatistical thermodynamics. _2BUEsh |
|
| 650 | 7 |
_aStatistical mechanics. _2BUEsh |
|
| 650 | 7 |
_aKinetic theory of gases. _2BUEsh |
|
| 650 | 7 |
_aChemistry, Physical and theoretical. _2BUEsh |
|
| 655 | _vReading book | ||
| 942 |
_cBB _2ddc |
||
| 999 |
_c6524 _d6524 |
||